Statistics for Countries expressing support for China in Uyghur Province

Click here to take the quiz!

General Stats

  • This quiz has been taken 81 times
  • The average score is 24 of 37

Answer Stats

HintAnswer% Correct
26Russia
91%
21North Korea
88%
31Syria
79%
19Myanmar
77%
23Pakistan
77%
18Laos
75%
27Saudi Arabia
75%
4Belarus
71%
8Cambodia
71%
28Somalia
71%
35UAE
71%
1Algeria
68%
22Oman
68%
30Sudan
68%
3Bahrain
66%
32Tajikistan
66%
12Cuba
64%
14Egypt
64%
20Nigeria
64%
17Kuwait
63%
25Qatar
63%
13Democratic Republic of the Congo
61%
15Eritrea
61%
24Philippines
61%
34Turkmenistan
61%
37Zimbabwe
61%
11Congo
59%
29South Sudan
57%
36Venezuela
57%
9Cameroon
55%
2Angola
54%
6Burkina Faso
48%
7Burundi
48%
16Gabon
48%
33Togo
48%
5Bolivia
43%
10Comoros
41%

Score Distribution

Percentile by Number Answered

Percent of People with Each Score

Your Score History

You have not taken this quiz